Statystyki dla 25 Największych Krajów w Europie

Kliknij tutaj aby rozwiązać quiz!

Ogólne statystyki

  • Ten quiz został rozwiązany 472 razy
  • Średni wynik to 20 z 25

Statystyki odpowiedzi

MiejsceLiteraPaństwo% Poprawnych
1RRosja
100%
3FFrancja
97%
2UUkraina
97%
4HHiszpania
92%
9PPolska
92%
5SSzwecja
92%
7FFinlandia
90%
8NNorwegia
87%
10WWłochy
86%
12RRumunia
85%
24ŁŁotwa
84%
6NNiemcy
84%
23LLitwa
82%
14GGrecja
81%
11WWielka Brytania
80%
13BBiałoruś
79%
18PPortugalia
79%
20CCzechy
78%
15BBułgaria
75%
16IIslandia
73%
22IIrlandia
69%
19AAustria
68%
17WWęgry
67%
25CChorwacja
62%
21SSerbia
61%

Rozkład punktacji

Percentyl według liczby udzielonych odpowiedzi

Procent ludzi z każdym wynikiem

Twoja historia wyników

Nie rozwiązałeś tego quizu